Loading...
| History - American | 0 | 9 | 2 | 0 | 80 | 20 | 55.33 | 3 | 4 | 0.00 | 0.00 |
| History - Other | 0 | 8 | 2 | 2 | 70 | 28 | 71.63 | 4 | 6 | 0.00 | 0.00 |
| History - World | 0 | 7 | 1 | 2 | 65 | 33 | 63.29 | 3 | 5 | 0.00 | 0.00 |
| History - European | 0 | 6 | 1 | 0 | 55 | 24 | 51.00 | 4 | 6 | 0.00 | 0.00 |
| Social Science | 0 | 5 | 0 | 0 | 50 | 32 | 61.40 | 1 | 3 | 0.00 | 0.00 |
| Fine Arts - Painting and Sculpture | 0 | 4 | 0 | 0 | 40 | 58 | 68.75 | 2 | 4 | 0.00 | 0.00 |
| Philosophy | 0 | 4 | 1 | 0 | 35 | 40 | 52.75 | 3 | 4 | 0.00 | 0.00 |
| Religion | 0 | 2 | 0 | 1 | 20 | 90 | 104.50 | 1 | 1 | 0.00 | 0.00 |
| Literature - European | 0 | 1 | 0 | 0 | 10 | 125 | 125.00 | 0 | 0 | 0.00 | 0.00 |
| Fine Arts - Classical Music | 0 | 1 | 0 | 0 | 10 | 112 | 112.00 | 0 | 0 | 0.00 | 0.00 |
| Literature - American | 0 | 1 | 0 | 0 | 10 | 94 | 94.00 | 0 | 1 | 0.00 | 0.00 |
| Literature - British | 0 | 1 | 0 | 0 | 10 | 26 | 26.00 | 1 | 1 | 0.00 | 0.00 |
| Literature - World | 0 | 1 | 0 | 0 | 10 | 30 | 30.00 | 1 | 1 | 0.00 | 0.00 |
| Other Academic | 0 | 1 | 0 | 0 | 10 | 88 | 88.00 | 0 | 0 | 0.00 | 0.00 |
| Science - Biology | 0 | 1 | 0 | 0 | 10 | 83 | 83.00 | 0 | 0 | 0.00 | 0.00 |
| Science - Other | 0 | 1 | 0 | 0 | 10 | 83 | 83.00 | 0 | 1 | 0.00 | 0.00 |
| Science - Physics | 0 | 1 | 0 | 0 | 10 | 29 | 29.00 | 1 | 1 | 0.00 | 0.00 |
| Science - Chemistry | 0 | 0 | 1 | 0 | -5 | 0.00 | 0 | 0 | 0.00 | 0.00 | |
| Current Events | 0 | 0 | 1 | 0 | -5 | 0.00 | 0 | 0 | 0.00 | 0.00 |